Statistics for Most Guessed Simpsons Characters

Click here to take the quiz!

General Stats

  • This quiz has been taken 103 times
  • The average score is 18 of 24

Answer Stats

% Correct Character % Correct
99%Homer
100%
98%Marge
100%
98%Lisa
100%
99%Bart
100%
96%Maggie
99%
76%Moe Szyslak
92%
85%Mr. Burns
88%
74%Ned Flanders
81%
87%Grampa Simpson
79%
76%Waylon Smithers
77%
67%Barney Gumble
74%
72%Krusty the Clown
73%
75%Milhouse
73%
76%Principal Skinner
71%
74%Carl
69%
73%Lenny
69%
64%Apu
66%
69%Nelson Muntz
65%
63%Chief Wiggum
61%
66%Ralph Wiggum
58%
70%Patty
48%
75%Selma
48%
61%Sideshow Bob
43%
71%Santa's Little Helper
39%

Score Distribution

Percentile by Number Answered

Percent of People with Each Score

Your Score History

You have not taken this quiz